V dvoch dueloch desať setov extraliga volejbalistiek - prvé zápasy semifinále play-off

Bibliographic Details
Format: Article
Language:Slovak
PhysicalDescription:Fotogr., tab.
ISSN:0139-7001
Subjects:

MARC

LEADER 00000nab a2200000 ar4500
001 vtls010080128
003 SK-MaSNL
005 20260303192602.0
008 100326c20100318xo dr|n|||||||000 b|slo
015 |a SNBRB2010/03  |2 snkbucl 
038 |a SNKBUCL 
040 |a SNKBUCL  |b slo  |c SNKBUCL  |e AACR2 
041 0 |a slo 
044 |a xo  |c SK 
080 |a 796.325.093.1  |2 2001 
245 0 0 |a V dvoch dueloch desať setov  |b extraliga volejbalistiek - prvé zápasy semifinále play-off 
300 |b Fotogr., tab. 
648 7 |a sezóna 2009/2010  |2 snkbucl  |9 1034617 
650 0 7 |a volejbal  |2 snkbucl  |9 3294 
650 0 7 |a ženy  |2 snkbucl  |9 4865 
650 0 7 |a extraliga  |2 snkbucl  |9 18992 
650 0 7 |a semifinále play-off  |2 snkbucl  |9 1033220 
650 0 7 |a prvé zápasy  |2 snkbucl  |9 1034012 
773 0 |t Šport  |g Roč. 64, č. 64 (17.3.2010), s. 37  |x 0139-7001 
852 |a SNK  |b KIS3GCP 
999 |c 2147207  |d 2149137